Formula One Constructors Starting With S - Statistics

General Stats
  • This quiz has been taken 20 times
  • The average score is 5 of 13
Answer Stats
Seasons Races Constructor % Correct
2007 17 Spyker
87%
1993–2018, 2024–2025 513 Sauber (BMW-Sauber), (Stake)
80%
1997–1999 49 Stewart
73%
2006–2008 39 Super Aguri
67%
1973–1980 112 Shadow
53%
1970–1978 119 Surtees
53%
1994–1995 21 Simtek
33%
1963 1 Stebro
20%
1960 5 Scarab
13%
1963–1964 7 Scirocco
13%
1983–1985 25 Spirit
13%
1966 1 Shannon
7%
1950–1953 15 Simca-Gordini
7%
No matching quizzes found
Score Distribution
Percent of People with Each Score
Percentile by Number Answered
Your Score History
You have not taken this quiz